Selekcjonerzy Mistrzów Europy - Statystyki

Ogólne statystyki
  • Ten quiz został rozwiązany 48 razy
    19 od ostatniego zresetowania
  • Średni wynik to 4 z 17
Statystyki odpowiedzi
Rok Reprezentacja Selekcjoner % Poprawnych
2016 Portugalia Fernando Santos
100%
2020 Włochy Roberto Mancini
85%
2012 Hiszpania Vicente Del Bosque
77%
2008 Hiszpania Luis Aragones
46%
2024 Hiszpania Luis de la Fuente
38%
2004 Grecja Otto Rehhagel
23%
1988 Holandia Rinus Michels
23%
1996 Niemcy Berti Vogts
8%
1972 Niemcy Zach. Helmut Schon
8%
2000 Francja Roger Lemerre
8%
1968 Włochy Ferruccio Valcareggi
0%
1960 ZSRR Gavriil Kachalin
0%
1964 Hiszpania José Villalonga
0%
1980 Niemcy Zach. Jupp Derwall
0%
1984 Francja Michel Hidalgo
0%
1992 Dania Richard Moller Nielsen
0%
1976 Czechosłowacja Vaclav Jezek
0%
Nie znaleziono quizów pasujących do podanych kryteriów
Rozkład punktacji
Procent ludzi z każdym wynikiem
Percentyl według liczby udzielonych odpowiedzi
Twoja historia wyników
Nie rozwiązałeś tego quizu od ostatniego zresetowania